00727nam a2200181 a 450000100100000000500170001000800410002704000250006804100380009308200190013110000220015024000780017224501150025026000370036530000280040253400880043065000270051800002556920250210091741.0110216s1975 ag a r 000 | spa d aDO-SdBNPbspacBNPHU aspaheng2Código de idioma MARC a371.425bR476e1 aRhodes, James A., 0aVocational education and guidance : a system for the seventieslEspañol10aEducación y orientación vocacionales /cJames A. Rhodes ; versión castellana de Ana L. Laguzzi de Jones. aBuenos Aires :bPaidós,c1975. a170 p. :bil. ;c20 cm. aTítulo original :tVocational education and guidance : a system for the seventies 0aEnseñanza vocacional